000 00888nam a22002777a 4500
001 BR7601960
003 BR-BrBNA
005 20230928084940.0
007 ta
008 230509b bl.||||| |||| 00| 0 por d
040 _aBR-BrBNA
_bpor
_cBiblioteca Nacional de Agricultura
041 _a(Por)
072 _aE30
_b/G514
090 _ E30 BR7601960
110 1 _aComissao Estadual de Planejamento Agricola, Natal, RN (Brasil)
_92056
245 1 _aRURALNORTE - Plano operativo anual, sub-projetos basicos, 1976 [Programa de Desenvolvimento Rural do Estado do Rio Grande do Norte; Brasil]
260 3 _aNatal, RN (Brasil):
_c1976.
300 _a110 p.
500 _a26 tables
650 _aProjeto de desenvolvimento
650 _aDesenvolvimento rural
650 _aAssistencia tecnica
650 _aRio Grande do Norte
909 _a202309
_bLucia
_c55
_dLucia Elande
942 _cBK
999 _c22044
_d22044